| 000 | 00590nam a2200181 a 4500 | ||
|---|---|---|---|
| 001 | 000016138 | ||
| 005 | 20250502073819.0 | ||
| 008 | 100226s1986 dr 001 0 spa d | ||
| 040 |
_aDO-SdBNP _bspa _cBNPHU |
||
| 082 |
_axxx _bG633m |
||
| 245 | 0 | 0 |
_aManual del servidor público / _ccompilador Cristóbal Gómez Y Yangüela. |
| 260 |
_aSanto Domingo : _bONAP, _c1986. |
||
| 300 |
_a76 p. ; _c21 cm. |
||
| 490 | 1 |
_aManuales técnicos _v7 |
|
| 710 | 1 |
_aRepública Dominicana. _bOficina Nacional de Administración y Personal _926398 |
|
| 830 | 0 |
_aManuales técnicos _n7 _936133 |
|
| 049 | _aBNPD | ||
| 999 |
_c15678 _d15678 |
||